F1 friendships - Statistics

General Stats
  • This quiz has been taken 41 times
    24 since last reset
  • The average score is 22 of 28
Answer Stats
Name Drivers % Correct
Carlando Carlos Sainz
100%
Charlos Carlos Sainz
100%
Charlos Charles Leclerc
100%
Lestappen Charles Leclerc
100%
Carlando Lando Norris
100%
Maxiel Max Verstappen
100%
Lestappen Max Verstappen
100%
Yukierre Pierre Gasly
100%
Yukierre Yuki Tsunoda
100%
Maxiel Daniel Ricciardo
95%
Norstappen Lando Norris
84%
Landan Lando Norris
84%
Valewis Lewis Hamilton
84%
Norstappen Max Verstappen
84%
Valewis Valtteri Bottas
84%
Pierles Charles Leclerc
79%
Charlando Charles Leclerc
79%
Charlando Lando Norris
79%
Pierles Pierre Gasly
79%
Galex Alexander Albon
63%
Piarlos Carlos Sainz
63%
Loscar Oscar Piastri
63%
Piarlos Pierre Gasly
63%
Loscar Logan Sargeant
58%
Landan Daniel Ricciardo
53%
Galex George Russell
47%
Landoscar Lando Norris
16%
Landoscar Oscar Piastri
16%
No matching quizzes found
Score Distribution
Percent of People with Each Score
Percentile by Number Answered
Your Score History
You have not taken this quiz since the last reset